PRINCIPLES AND PRACTICE OF INFECTIOUS DISEASES (Record no. 216130)
[ view plain ]
| 000 -LEADER | |
|---|---|
| fixed length control field | 00528nam a22001937a 4500 |
| 008 - FIXED-LENGTH DATA ELEMENTS--GENERAL INFORMATION | |
| fixed length control field | 250930b |||||||| |||| 00| 0 eng d |
| 020 ## - INTERNATIONAL STANDARD BOOK NUMBER | |
| International Standard Book Number | 0-443-08935-3 |
| 050 ## - LIBRARY OF CONGRESS CALL NUMBER | |
| Classification number | RC111.P75 1995 |
| Item number | C.1 |
| 100 ## - MAIN ENTRY--PERSONAL NAME | |
| Personal name | MANDELL,GERALD L. |
| 245 ## - TITLE STATEMENT | |
| Title | PRINCIPLES AND PRACTICE OF INFECTIOUS DISEASES |
| 250 ## - EDITION STATEMENT | |
| Edition statement | FOURTH |
| 260 ## - PUBLICATION, DISTRIBUTION, ETC. | |
| Place of publication, distribution, etc. | LONDON |
| Name of publisher, distributor, etc. | CHURCHILL LIVINGSTONE |
| Date of publication, distribution, etc. | 1995 |
| 300 ## - PHYSICAL DESCRIPTION | |
| Extent | 2803P |
| 500 ## - GENERAL NOTE | |
| General note | INCLUDES INDEX |
| 650 ## - SUBJECT ADDED ENTRY | |
| Topical term or geographic name entry element | Communicable Diseases |
| 700 ## - ADDED ENTRY--PERSONAL NAME | |
| Personal name | MANDELL,GERALD L. |
| 942 ## - ADDED ENTRY ELEMENTS (KOHA) | |
| Source of classification or shelving scheme | Library of Congress Classification |
| Koha item type | Long Loan Book |
| Withdrawn status | Lost status | Source of classification or shelving scheme | Damaged status | Not for loan | Collection | Home library | Current library | Date acquired | Inventory number | Total checkouts | Barcode | Date last seen | Date last checked out | Copy number | Price effective from | Koha item type |
|---|---|---|---|---|---|---|---|---|---|---|---|---|---|---|---|---|
| Library of Congress Classification | Medicine | Kisii University Library | Kisii University Library | 09/30/2025 | 59606 | 1 | 044586 | 10/13/2025 | 09/30/2025 | C.1 | 09/30/2025 | Long Loan Book |